Fr. Conceicao Rodrigues College of Engineering

C How to program :Introducting C++ and Java (Record no. 31141)

MARC details
000 -LEADER
fixed length control field 00312nam a2200145Ia 4500
082 ## - DEWEY DECIMAL CLASSIFICATION NUMBER
Classification number 5.1
Item number DEI
100 ## - MAIN ENTRY--PERSONAL NAME
Personal name Deitel/ H.M.
250 ## - EDITION STATEMENT
Edition statement 3
245 ## - TITLE STATEMENT
Title C How to program :Introducting C++ and Java
260 ## - PUBLICATION, DISTRIBUTION, ETC.
Name of publisher, distributor, etc. Pearson Education
Date of publication, distribution, etc. 2001
300 ## - PHYSICAL DESCRIPTION
Extent 1253
546 ## - LANGUAGE NOTE
Language note ENGLISH
654 ## - SUBJECT ADDED ENTRY--FACETED TOPICAL TERMS
Focus term C++
942 ## - ADDED ENTRY ELEMENTS (KOHA)
Koha item type BOOK
Holdings
Withdrawn status Lost status Damaged status Not for loan Collection Home library Current library Date acquired Total Checkouts Full call number Barcode Date last seen Price effective from Koha item type
        CRC Fr. Agnel's C.Rodrigues College of Engineering Fr. Agnel's C.Rodrigues College of Engineering 17/03/2023   5.1 DEI 13962 17/03/2023 17/03/2023 BOOK
        CRC Fr. Agnel's C.Rodrigues College of Engineering Fr. Agnel's C.Rodrigues College of Engineering 17/03/2023   5.1 DEI 13963 17/03/2023 17/03/2023 BOOK